Cristianismo primitivo y Paideia griega

שמור ב:
מידע ביבליוגרפי
מחבר ראשי: Jaeger, Werner
פורמט: ספר
שפה:Undetermined
יצא לאור: México, Distrito Federal Fondo de Cultura Económica 1993
נושאים:
תגים: הוספת תג
אין תגיות, היה/י הראשונ/ה לתייג את הרשומה!

MARC

LEADER 00000nam a2200000Ia 4500
008 170316s9999 xx 000 0 und d
090 |a 410 J-1c 
100 |a Jaeger, Werner 
245 |a Cristianismo primitivo y Paideia griega 
260 |a México, Distrito Federal 
260 |b Fondo de Cultura Económica 
260 |c 1993 
300 |a 147 páginas 
650 |a LINGÜÍSTICA 
999 |c 18477  |d 18477 
040 |a cru BVZT 
942 |c 15 D  |h 410 J-1c  |2 z